000 00300nam a2200121Ia 4500
005 20251222154326.0
008 251222s9999||||xx |||||||||||||| ||spa||
020 _a950-614-160-6
082 _a943/F47
100 _a"Fichte, Johann Gottlieb"
245 0 _aDiscursos a la nación alemana
942 _cLIB
999 _c33978
_d33978